Statistics for D Footballers

Click here to take the quiz!

General Stats

  • This quiz has been taken 13 times
  • The average score is 7 of 20

Answer Stats

HintAnswer% Correct
African striker won medals galore at ChelseaDrogba
100%
Liverpools keeper in Champions League Final in 2006Dudek
82%
Bosnian forward who had a spell at Man CityDzeko
64%
Top scoring USA player in Premier LeagueDempsey
55%
Scored 208 League goals for JuventusDel piero
55%
Dutch player managed BarnetDavids
45%
Captained France to World Cup gloryDeschamps
45%
Scotlands top scorerDalglish
27%
Won World Cup and Euros with FranceDesailly
27%
Wengers first right back at ArsenalDixon
27%
Brazilian born Portuguese playerDeco
27%
Brazils captain in 1998 World CupDunga
27%
Won World Cup in 1958 and 1962Didi
27%
Scored a record 60 League goals in a seasonDean
18%
Became Englands oldest debutant since 1950 in 2010Davies
18%
Scored in 5 consecutive European Cup finalsDi Stefano
9%
Bolton player who won the World Cup in 1998Djorkaeff
9%
Played in 5 games as Brazil won World Cup in 2002Denilson
9%
Scored Sky Sports goal of the decade in 2000Di Canio
0%
Young Player of the Year in 1975Day
0%

Score Distribution

Percentile by Number Answered

Percent of People with Each Score

Your Score History

You have not taken this quiz